|
|
|
|
| LEADER |
02016nam a2200325 a 4500 |
| 001 |
17793 |
| 003 |
BD-DhAAL |
| 008 |
090614s2008 njua b 001 0 eng d |
| 010 |
|
|
|a 2006281521
|
| 020 |
|
|
|a 0131889230 (International ed.)
|
| 020 |
|
|
|a 9788131711040
|
| 040 |
|
|
|a DLC
|c DLC
|d DLC
|d BD-DhAAL
|
| 082 |
0 |
0 |
|a 658.4034
|2 22
|
| 100 |
1 |
|
|a Taha, Hamdy A.
|9 6157
|
| 245 |
1 |
0 |
|a Operations research :
|b an introduction /
|c Hamdy A. Taha.
|
| 250 |
|
|
|a Eighth edition.
|
| 260 |
|
|
|a Upper Saddle River, N.J. :
|b Pearson/Prentice Hall,
|c c2008.
|
| 300 |
|
|
|a xx, 813 p. :
|b ill. ;
|c 25 cm +
|e 1 CD-ROM (4 3/4 in.)
|
| 504 |
|
|
|a Includes bibliographical references and index.
|
| 526 |
|
|
|a MNS
|x Fardousi Ara Begum
Faculty Member of BRAC University
Course Name : Operations Research I (MAT 316)
|
| 541 |
1 |
|
|e 17792, 17793
|a Paragon Enterprises LTD
|
| 650 |
|
0 |
|a Operations research.
|
| 650 |
|
0 |
|a Programming (Mathematics)
|9 6159
|
| 852 |
4 |
|
|a Ayesha Abed Library
|c General Stacks
|
| 942 |
|
|
|2 ddc
|c BK
|
| 999 |
|
|
|c 1648
|d 1648
|
| 952 |
|
|
|0 0
|1 0
|2 ddc
|4 0
|6 658_403400000000000_TAH_2008
|7 0
|9 1513
|a BRACUL
|b BRACUL
|c GEN
|d 2009-06-28
|e Paragon Enterprises LTD
|g 574.00
|l 8
|m 97
|o 658.4034 TAH
|p 3010017793
|r 2026-05-18
|s 2026-02-01
|t 1
|w 2009-06-28
|y BK
|x Requisitioned by Ferdousi Ara Begum (Faculty Member of BRAC University) for the course named- Operations Research I (MAT 316)".
|
| 952 |
|
|
|0 0
|1 0
|2 ddc
|4 0
|6 658_400000000000000_034_TAH_2008
|7 0
|9 9090
|a BRACUL
|b BRACUL
|c GEN
|d 2010-04-08
|e Paragon Enterprises LTD
|g 574.00
|l 9
|m 84
|o 658.4034 TAH
|p 3010017794
|r 2026-04-30
|s 2026-02-22
|t 2
|w 2010-04-08
|y BK
|x Requisitioned by Ferdousi Ara Begum (Faculty Member of BRAC University) for the course named- "Operations Research I (MAT 316)".
|
| 952 |
|
|
|0 0
|1 0
|2 ddc
|4 0
|6 658_400000000000000_034_TAH_2008
|7 0
|9 62215
|a BRACUL
|b BRACUL
|c AV
|d 2009-06-28
|l 0
|o 658.4034 TAH
|p 4010017793
|r 2017-12-07
|t 1
|w 2009-06-28
|y AV
|
| 952 |
|
|
|0 0
|1 0
|2 ddc
|4 0
|6 658_400000000000000_034_TAH_2008
|7 0
|9 62216
|a BRACUL
|b BRACUL
|c AV
|d 2009-06-28
|l 0
|o 658.4034 TAH
|p 4010017794
|r 2017-12-07
|t 2
|w 2009-06-28
|y AV
|